000 00426nam a22001817a 4500
999 _c11853
_d11853
003 OSt
008 230302b ||||| |||| 00| 0 eng d
020 _a9789389713695
082 _a658.3 GUH
100 _aGUPTA, Shashi K.
245 _aHuman Resource Management
250 _aReprint
260 _aLudhiana
_bKalyani Publishers
_c2022
300 _aMISC
650 _aB.Com.
700 _aJOSHI, Rosy
942 _2ddc
_cBK